000 01024nmc a2200385 a 4500
003 AR-BaBNM
005 20251128204744.0
008 176019s1993 ||||||||||||||000 | spa||
020 _a950-581-025-5
040 _cAR-BaBNM
100 1 _aCambaceres, Eugenio
245 1 0 _aEn la sangre
250 _a1ª ed.
260 _aBuenos Aires
_bColihue
_c1993
300 _a169 p.
490 0 _aLeer y crear
_vv. 25
500 _aContiene índice general
500 _aPropuestas de trabajo para los alumnos
500 _aBiografía del autor
504 _aBibliografía del autor y de la obra
610 2 4 _aClub del Progreso
650 4 _aLITERATURA ARGENTINA
650 4 _aREALISMO
650 4 _aINMIGRACION
650 4 _aGENERACION DE 1880
650 4 _aNACIONALISMO
653 _aEDUCACION SECUNDARIA
653 _aNATURALISMO
655 _aLITERATURA
700 1 _aGarcía, Noemí Susana
700 1 _aPanesi, Jorge
800 1 _aPetruzzi, Herminia
_edirector
942 _cBK
998 _cisola
999 _c8691
_d8691